La Industrial + : Per un recinte de l'Escola Industrial més verd, més sostenible i més obert a la ciutadania i a la innovació Per un recinte de l'Escola Industrial més verd, més sostenible i més obert a la ciutadania i a la innovació
MARC
| LEADER | 00000nam a22000007a 4500 | ||
|---|---|---|---|
| 001 | 28413 | ||
| 003 | AGDB | ||
| 005 | 20260324181522.0 | ||
| 008 | 240304b spa||||| |||| 00| 0 cat d | ||
| 017 | |a B 11866-2023 | ||
| 040 | |a agdb |b cat | ||
| 245 | |a La Industrial + : |b Per un recinte de l'Escola Industrial més verd, més sostenible i més obert a la ciutadania i a la innovació | ||
| 250 | |b Octubre 2023 | ||
| 260 | |a Barcelona : |b Diputació de Barcelona ; |c 2023 | ||
| 300 | |a [34] pàgs. ; |b il·lustracions color ; |c 21 x 30 cm | ||
| 546 | |a També en castellà (R. 28423) | ||
| 650 | 0 | |a Recinte de l'Escola Industrial (Barcelona) |v Projectes |9 70587 | |
| 655 | 0 | |a Fulletons |9 55858 | |
| 710 | 1 | |a Barcelona (Catalunya : Província). |b Diputació |9 52408 | |
| 856 | 4 | 0 | |u https://www.diba.cat/documents/348551718/404202347/WEB_La+Industrial_projecte_CAT_A4_18-1-24.pdf/2efab8cd-d717-515e-4225-b8af91ee46c5?t=1705663410375 |y Accés lliure (Portal La Industrial +) |
| 942 | |2 udc |c ARXIU |n 1 | ||
| 952 | |0 0 |1 0 |4 0 |6 FU7661 |7 1 |9 96803 |a Arxiu |b Arxiu |d 2024-03-04 |l 0 |o FU-76-61 |p 28413 |r 2024-03-04 00:00:00 |w 2024-03-04 |y ARXIU | ||
| 999 | |c 128642 |d 128642 | ||